History Quiz

Random History or Clickable Quiz
Score 0/12 Timer 20:00
0 Plays Today
% Correct
Electricity
80%
Personal failure
80%
19th century
80%
Socialism
80%
60%
60%
One of the American industrial
40%
Capitalism, Socialism,and Communism
40%
Haymarket
40%
Chinese
20%
Ararchism
20%
Trust
20%

You're not logged in!

Compare scores with friends on all Sporcle quizzes.
OR
Log In

Sporcle TV

Today on Sporcle TV


Watch our educational content, quiz creation guides, and fun videos on Sporcle TV.

Show Comments

Extras

Created Sep 27, 2013ReportNominate
Tags:Clickable Quiz, baron, Liz, lloyd, Robber

Top Quizzes Today


Score Distribution

Paid Content

Your Account Isn't Verified!

In order to create a playlist on Sporcle, you need to verify the email address you used during registration. Go to your Sporcle Settings to finish the process.

Report this User

Report this user for behavior that violates our Community Guidelines.

Details: